Sports Quiz

Random Sports Quiz

Atlantic 10 Coaches Quiz Stats

 Plays Quiz not verified by Sporcle

Challenge
Share
Tweet
Embed
Score 0/68 Timer 08:00
0 Plays Today
School Coach % Correct
Saint LouisRick Majerus
78.9%
TempleJohn Chaney
78.9%
XavierSean Miller
78.9%
XavierChris Mack
78.9%
Saint Joseph'sPhil Martelli
73.7%
XavierThad Matta
73.7%
George WashingtonKarl Hobbs
68.4%
TempleFran Dunphy
68.4%
DaytonBrian Gregory
63.2%
MassachusettsJohn Calipari
63.2%
Rhode IslandJim Baron
57.9%
RichmondChris Mooney
57.9%
St. BonaventureJim Baron
57.9%
George WashingtonMike Lonergan
50%
Rhode IslandDan Hurley
50%
DuquesneRon Everhart
47.4%
La SalleJohn Giannini
47.4%
MassachusettsTravis Ford
47.4%
CharlotteBobby Lutz
42.1%
DaytonOliver Purnell
42.1%
CharlotteAlan Major
36.8%
MassachusettsDerek Kellogg
36.8%
FordhamTom Pecora
31.6%
George WashingtonMike Jarvis
31.6%
La SalleSpeedy Morris
31.6%
MassachusettsBruiser Flint
31.6%
MassachusettsSteve Lappas
31.6%
St. BonaventureMark Schmidt
31.6%
XavierSkip Prosser
31.6%
FordhamDereck Whittenburg
26.3%
George WashingtonTom Penders
26.3%
Rhode IslandTom Penders
26.3%
DaytonArchie Miller
25%
DuquesneJim Ferry
25%
School Coach % Correct
Rhode IslandJim Harrick
21.1%
St. BonaventureJan van Breda Kolff
21.1%
St. BonaventureAnthony Solomon
21.1%
DuquesneDanny Nee
15.8%
FordhamJared Grasso
15.8%
Saint LouisBrad Soderberg
15.8%
FordhamBob Hill
10.5%
La SalleBilly Hahn
10.5%
RichmondJerry Wainwright
10.5%
Saint Joseph'sJim Boyle
10.5%
Saint Joseph'sJohn Griffin
10.5%
DuquesneJim Satalin
5.3%
DuquesneDarrelle Porter
5.3%
FordhamNick Macarchuk
5.3%
George WashingtonBob Tallent
5.3%
MassachusettsRay Wilson
5.3%
Rhode IslandBrendan Malone
5.3%
Rhode IslandJerry DeGregorio
5.3%
St. BonaventureJim Satalin
5.3%
DuquesneJohn Cinicola
0%
DuquesneMike Rice
0%
DuquesneJohn Carroll
0%
DuquesneScott Edgar
0%
George WashingtonGerry Gimelstob
0%
George WashingtonJohn Kuester
0%
MassachusettsJack Leaman
0%
MassachusettsTom McLaughlin
0%
MassachusettsRon Gerlufson
0%
Rhode IslandClaude English
0%
Rhode IslandAl Skinner
0%
RichmondJohn Beilein
0%
St. BonaventureJim O'Brien
0%
St. BonaventureRon DeCarli
0%
St. BonaventureTom Chapman
0%

You're not logged in!

Compare scores with friends on all Sporcle quizzes.
OR
Log In

You Might Also Like...

Show Comments

Extras

Created Mar 14, 2011ReportNominate
Tags:atlantic, Atlantic 10, coach, school

Top Quizzes Today


Score Distribution

Your Account Isn't Verified!

In order to create a playlist on Sporcle, you need to verify the email address you used during registration. Go to your Sporcle Settings to finish the process.

Report this User

Report this user for behavior that violates our Community Guidelines.

Details: